European Economy - Statistics

General Stats
  • This quiz has been taken 356 times
  • The average score is 14 of 15
Answer Stats
Hint Answer % Correct
2.846TR France
100%
2.945TR The United Kingdom
100%
3.859TR Germany
99%
1.406TR Spain
99%
2.147TR Italy
98%
570BN Sweden
98%
1.857TR Russia
96%
866BN The Netherlands
96%
500BN Norway
95%
546BN Poland
95%
437BN Austria
92%
534BN Belgium
92%
712BN Switzerland
92%
340BN Denmark
87%
806BN Turkey
75%
No matching quizzes found
Score Distribution
Percent of People with Each Score
Percentile by Number Answered
Your Score History
You have not taken this quiz